<?xml version="1.0" encoding="UTF-8"?>
<collection xmlns="http://www.loc.gov/MARC21/slim">
 <record>
  <leader>00731nam a22002055a 4500</leader>
  <controlfield tag="001">EHU.bham051663</controlfield>
  <controlfield tag="008">230907s1947####mx############000#0#spa#d</controlfield>
  <controlfield tag="005">20230907081732.0</controlfield>
  <datafield tag="245" ind1="1" ind2="0">
   <subfield code="a">La sociedad romana :</subfield>
   <subfield code="b">historia de las costumbres en Roma, desde Augusto hasta los Antoninos /</subfield>
   <subfield code="c">Ludwig Friedlaender ; trad. por Wenceslao Roces.</subfield>
  </datafield>
  <datafield tag="260" ind1=" " ind2=" ">
   <subfield code="a">México :</subfield>
   <subfield code="b">Fondo de Cultura Económica,</subfield>
   <subfield code="c">1947.</subfield>
  </datafield>
  <datafield tag="300" ind1=" " ind2=" ">
   <subfield code="a">1217 p.</subfield>
  </datafield>
  <datafield tag="020" ind1=" " ind2=" ">
   <subfield code="a">9789681615079</subfield>
  </datafield>
  <datafield tag="100" ind1="1" ind2=" ">
   <subfield code="a">Friedlaender, Ludwig.</subfield>
  </datafield>
  <datafield tag="700" ind1="1" ind2=" ">
   <subfield code="a">Roces, Wenceslao, trad.</subfield>
  </datafield>
  <datafield tag="082" ind1="8" ind2="9">
   <subfield code="a">937.07 F911</subfield>
  </datafield>
  <datafield tag="653" ind1=" " ind2=" ">
   <subfield code="a">Roma-historia de</subfield>
  </datafield>
  <datafield tag="653" ind1=" " ind2=" ">
   <subfield code="a">Cultura romana</subfield>
  </datafield>
  <datafield tag="653" ind1=" " ind2=" ">
   <subfield code="a">Roma antigua</subfield>
  </datafield>
  <datafield tag="653" ind1=" " ind2=" ">
   <subfield code="a">Roma-vida social y costumbres</subfield>
  </datafield>
  <datafield tag="859" ind1=" " ind2=" ">
   <subfield code="a">AR-BHAM</subfield>
   <subfield code="b">BIB. HUMANIDADES - General</subfield>
   <subfield code="h">937.07</subfield>
   <subfield code="i">F911</subfield>
   <subfield code="p">530.23</subfield>
  </datafield>
 </record>
</collection>
